Conferències sobre l'Estatut de Catalunya / per Ramon d'Abadal i Calderó ... [et al.]
Descripción Física:
275 p., [2] f. ; 25 cm
Otros Autores:
Abadal i Calderó, Ramon d', 1862-1945
Materias:
Catalunya. -- Estatut (1932)
MARC
| LEADER | 00000nam a2200000Ia 4500 | ||
|---|---|---|---|
| 001 | 877 | ||
| 008 | 160829s1933 xx 000 0 cat d | ||
| 080 | |a D-1-26 | ||
| 245 | |a Conferències sobre l'Estatut de Catalunya / per Ramon d'Abadal i Calderó ... [et al.] | ||
| 260 | |a Barcelona : |b Acadèmia de Jurisprudència i Legislació de Catalunya, |c 1933 | ||
| 300 | |a 275 p., [2] f. ; |c 25 cm | ||
| 610 | 1 | 0 | |a Catalunya. |t Estatut (1932) |9 54030 |
| 700 | 1 | |a Abadal i Calderó, Ramon d', |d 1862-1945 |9 34761 | |
| 710 | 2 | |a Acadèmia de Jurisprudència i Legislació de Catalunya |9 55092 | |
| 901 | |a Arxiu | ||
| 942 | |n 1 | ||
| 952 | |0 0 |1 0 |4 0 |6 D126 |7 1 |9 41615 |a Arxiu |b Arxiu |d 2016-12-01 |l 0 |o D-1-26 |p 877 |r 2016-12-01 00:00:00 |w 2016-12-01 |y ARXIU | ||
| 999 | |c 43505 |d 43505 | ||